Języki Indoeuropejskie - Statystyki

Ogólne statystyki
  • Ten quiz został rozwiązany 13 razy
    8 od ostatniego zresetowania
  • Średni wynik to 48 z 280
Statystyki odpowiedzi
Rodzina Językowa Podrodzina Językowa Język Czy Wymarły % Poprawnych
Jęz. Albańskie Albańska Albański
100%
Jęz. Słowiańskie Słowiańska Wschodnia Białoruski Nie
100%
Jęz. Słowiańskie Zachodnio-Południowo Słowiańska Bośniacki
100%
Jęz. Słowiańskie Zachodnio-Południowo Słowiańska Czarnogórski
100%
Jęz. Słowiańskie Słowiańska Zachodnia Czeski Nie
100%
Jęz. Romańskie D'Oil Francuski
100%
Jęz. Helleńskie Helleńska Grecki Nie
100%
Jęz. Słowiańskie Wschodnio-Południowo Słowiańska Macedoński
100%
Jęz. Słowiańskie Lechicka Polski
100%
Jęz. Słowiańskie Słowiańska Wschodnia Rosyjski Nie
100%
Jęz. Słowiańskie Zachodnio-Południowo Słowiańska Serbski
100%
Jęz. Słowiańskie Słowiańska Zachodnia Słowacki
100%
Jęz. Słowiańskie Zachodnio-Południowo Słowiańska Słoweński
100%
Jęz. Słowiańskie Słowiańska Wschodnia Ukraiński
100%
Jęz. Romańskie Italo-Dalmatyńska Włoski
100%
Jęz. Słowiańskie Wschodnio-Południowo Słowiańska Bułgarski Nie
86%
Jęz. Słowiańskie Zachodnio-Południowo Słowiańska Chorwacki
86%
Jęz. Germańskie Północna Germańska Duński
86%
Jęz. Romańskie Iberoromańska Hiszpański Nie
86%
Jęz. Słowiańskie Lechicka Kaszubski Nie
86%
Jęz. Germańskie Dolnofrankońska Zachodnia Niderlandzki
86%
Jęz. Germańskie Środkowoniemiecka/Górnoniemiecka Niemiecki
86%
Jęz. Słowiańskie Słowiańska Wschodnia Rusiński
86%
Jęz. Słowiańskie Lechicka Śląski
86%
Jęz. Germańskie Anglofryzyjska Angielski Nie
71%
Jęz. Indoirańskie Indoaryjska Centralna Hindi
71%
Jęz. Romańskie Oksytańska Kataloński
71%
Jęz. Bałtyckie Bałtycka Wschodnia Litewski
71%
Jęz. Bałtyckie Bałtycka Wschodnia Łotewski
71%
Jęz. Germańskie Północna Germańska Norweski Nie
71%
Jęz. Romańskie Iberoromańska Portugalski
71%
Jęz. Romańskie Retoromańska Romansz
71%
Jęz. Romańskie Wschodnioromańska Rumuński
71%
Jęz. Romańskie Italo-Dalmatyńska Sycylijski
71%
Jęz. Germańskie Północna Germańska Szwedzki
71%
Jęz. Romańskie Iberoromańska Galicyjski
57%
Jęz. Celtyckie Goidelska Irlandzki Nie
57%
Jęz. Germańskie Północna Germańska Islandzki Nie
57%
Jęz. Irańskie Północno-Zachodnio Irańska Kurdyjski
57%
Jęz. Germańskie Środkowoniemiecka Luksemburski
57%
Jęz. Ormiańskie Ormiańska Ormiański
57%
Jęz. Irańskie Południowo-Zachodnio Irańska Perski
57%
Jęz. Bałtyckie Bałtycka Zachodnia Pruski
57%
Jęz. Celtyckie Goidelska Szkocki
57%
Jęz. Indoirańskie Indoaryjska Centralna Urdu
57%
Jęz. Celtyckie Brytańska Walijski Nie
57%
Jęz. Celtyckie Brytańska Bretoński Nie
43%
Jęz. Romańskie Italo-Dalmatyńska Korsykański
43%
Jęz. Italskie Latynofaliska Łaciński
43%
Jęz. Słowiańskie Lechicka Pomorski
43%
Jęz. Romańskie Południoworomańska Sardyński
43%
Jęz. Romańskie Gallo-Italska Wenecki
43%
Jęz. Germańskie Dolnofrankońska Zachodnia Afrikaans
29%
Jęz. Romańskie Iberoromańska Aragoński
29%
Jęz. Romańskie Wschodnioromańska Arumuński
29%
Jęz. Słowiańskie Słowiańska Zachodnia Dolnołużycki Nie
29%
Jęz. Germańskie Północna Germańska Farerski Nie
29%
Jęz. Germańskie Dolnofrankońska Zachodnia Flamandzki Nie
29%
Jęz. Słowiańskie Słowiańska Zachodnia Górnołużycki
29%
Jęz. Romańskie Gallo-Italska Lombardzki
29%
Jęz. Celtyckie Goidelska Manx
29%
Jęz. Romańskie Italo-Dalmatyńska Neapolitański
29%
Jęz. Irańskie Południowo-Wschodnio Irańska Paszto Nie
29%
Jęz. Indoirańskie Indoaryjska Północno-Zachodnia Pendżabski
29%
Jęz. Romańskie Oksytańska Prowansalski
29%
Jęz. Słowiańskie Słowiańska Wschodnia Ruski Tak
29%
Jęz. Germańskie Anglofryzyjska Scots
29%
Jęz. Słowiańskie Lechicka Staropolski Tak
29%
Jęz. Irańskie Południowo-Zachodnio Irańska Tadżycki
29%
Jęz. Indoirańskie Indoaryjska Wschodnia Bengalski
14%
Jęz. Germańskie Wschodnia Germańska Burgundzki Tak
14%
Jęz. Irańskie Południowo-Zachodnio Irańska Dari
14%
Jęz. Germańskie Zachodnia Germańska Dolnoniemiecki Niie
14%
Jęz. Helleńskie Dorycka Dorycki
14%
Jęz. Germańskie Wschodnia Germańska Gocki
14%
Jęz. Indoirańskie Indoaryjska Zachodnia Gudźarati
14%
Jęz. Indoirańskie Dardyjska Kaszmirski
14%
Jęz. Celtyckie Brytańska Kornijski
14%
Jęz. Romańskie Retoromańska Ladyński
14%
Jęz. Romańskie Gallo-Italska Liguryjski
14%
Jęz. Irańskie Północno-Zachodnio Irańska Medyjski Tak
14%
Jęz. Romańskie Iberoromańska Mirandyjski
14%
Jęz. Indoirańskie Pahari Wschodnie Nepalski
14%
Jęz. Romańskie D'Oil Normandzki
14%
Jęz. Irańskie Północno-Wschodnio Irańska Osetyjski Nie
14%
Jęz. Indoirańskie Indoaryjska Sanskryt
14%
Jęz. Słowiańskie Zachodnio-Południowo Słowiańska Serbsko-Chorwacki
14%
Jęz. Słowiańskie Wschodnio-Południowo Słowiańska Staro-Cerkiewno-Słowiański Tak
14%
Jęz. Italskie Oskijsko-Umbryjska Umbryjski
14%
Jęz. Romańskie D'Oil Waloński
14%
Jęz. Germańskie Wschodnia Germańska Wandalski
14%
Jęz. Irańskie Północno-Zachodnio Irańska Zazaki
14%
Jęz. Irańskie Północno-Wschodnio Irańska Alański
0%
Jęz. Germańskie Górnoniemiecka Alemański
0%
Jęz. Helleńskie Helleńska Ałtycki
0%
Jęz. Helleńskie Achajska Arkadyjski
0%
Jęz. Indoirańskie Indoaryjska Wschodnia Asamski
0%
Jęz. Romańskie Iberoromańska Asturleoński Tak
0%
Jęz. Romańskie Iberoromańska Asturyjski
0%
Jęz. Indoirańskie Nuristańska Aszkun Nie
0%
Jęz. Germańskie Górnoniemiecka Austriacko-Bawarski
0%
Jęz. Irańskie Irańska Awestyjski Tak
0%
Jęz. Irańskie Północno-Wschodnio Irańska Baktryjski
0%
Jęz. Irańskie Północno-Zachodnio Irańska Beludżi Nie
0%
Jęz. Helleńskie Eolska Beocki
0%
Jęz. Indoirańskie Indoaryjska Zachodnia Bhili
0%
Jęz. Indoirańskie Bihari Bhodźpuri
0%
Jęz. Germańskie Północna Germańska Bokmål
0%
Jęz. Celtyckie Brytańska Brytański Tak
0%
Jęz. Irańskie Południowo-Zachodnio Irańska Bucharski Nie
0%
Jęz. Helleńskie Dorycka Cakoński Nie
0%
Jęz. Celtyckie Celtycka Kontynentalna Celtyberyjski Tak
0%
Jęz. Słowiańskie Wschodnio-Południowo Słowiańska Cerkiewno-Słowiański
0%
Jęz. Indoirańskie Indoaryjska Wschodnia Chatagaya
0%
Jęz. Irańskie Północno-Wschodnio Irańska Chorezmijski
0%
Jęz. Irańskie Północno-Wschodnio Irańska Chotański
0%
Jęz. Germańskie Górnoniemiecka Cymbryjski
0%
Jęz. Helleńskie Achajska Cypriocki
0%
Jęz. Słowiańskie Słowiańska Zachodnia Czesko-Słowacki
0%
Jęz. Indoirańskie Indoaryjska Centralna Dakhini
0%
Jęz. Romańskie Italo-Dalmatyńska Dalmatyński Tak
0%
Jęz. Irańskie Kaspijska Deilami Tak
0%
Jęz. Indoirańskie Pahari Dogri
0%
Jęz. Indoirańskie Indoaryjska Zachodnia Domari
0%
Jęz. Helleńskie Eolska Egejski
0%
Jęz. Romańskie Iberoromańska Ekstremadurski
0%
Jęz. Italskie Oskijsko-Umbryjska Ekwański
0%
Jęz. Germańskie Północna Germańska Elfdalski Nie
0%
Jęz. Indoirańskie Indoaryjska Elu Tak
0%
Jęz. Romańskie Gallo-Italska Emilijski
0%
Jęz. Romańskie Iberoromańska Eonawski
0%
Jęz. Romańskie Iberoromańska Fala
0%
Jęz. Italskie Latynofaliska Faliskijski
0%
Jęz. Romańskie Galloromańska Franko-Prowansalski
0%
Jęz. Romańskie Retoromańska Friulski
0%
Jęz. Celtyckie Celtycka Kontynentalna Galatyjski
0%
Jęz. Romańskie Iberoromańska Galicyjsko-Portugalski
0%
Jęz. Celtyckie Celtycka Kontynentalna Galijski
0%
Jęz. Bałtyckie Bałtycka Zachodnia Galindyjski
0%
Jęz. Romańskie D'Oil Gallo
0%
Jęz. Romańskie Południoworomańska Gallurski
0%
Jęz. Indoirańskie Indoaryjska Gandhari
0%
Jęz. Indoirańskie Pahari Zachodnie Garhwali
0%
Jęz. Albańskie Albańska Gegijski
0%
Jęz. Irańskie Kaspijska Giliański Nie
0%
Jęz. Germańskie Wschodnia Germańska Gocki Krymski
0%
Jęz. Helleńskie Helleńska Grecki Klasyczny
0%
Jęz. Helleńskie Helleńska Greka Homerycka Tak
0%
Jęz. Germańskie Północna Germańska Grenlandzki Nordyjski Tak
0%
Jęz. Irańskie Północno-Zachodnio Irańska Gurani Nie
0%
Jęz. Indoirańskie Indoaryjska Wschodnia Halbi
0%
Jęz. Indoirańskie Indoaryjska Centralna Haryanvi
0%
Jęz. Irańskie Południowo-Zachodnio Irańska Hazagari
0%
Jęz. Anatolijskie Anatolijska Hetycki
0%
Jęz. Indoirańskie Indoaryjska Centralna Hindustani Nie
0%
Jęz. Romańskie Italo-Dalmatyńska Istriocki Nie
0%
Jęz. Romańskie Wschodnioromańska Istriorumuński
0%
Jęz. Celtyckie Brytańska Iwernijski
0%
Jęz. Bałtyckie Bałtycka Zachodnia Jaćwiński
0%
Jęz. Irańskie Północno-Wschodnio Irańska Jagnobijski Nie
0%
Jęz. Irańskie Południowo-Wschodnio Irańska Jazgulamski
0%
Jęz. Germańskie Zachodnia Germańska Jidysz
0%
Jęz. Helleńskie Helleńska Joński
0%
Jęz. Irańskie Południowo-Zachodnio Irańska Juhuri
0%
Jęz. Indoirańskie Nuristańska Kalasza-Ala
0%
Jęz. Romańskie Południoworomańska Kampidański
0%
Jęz. Anatolijskie Anatolijska Karyjski Tak
0%
Jęz. Indoirańskie Nuristańska Kati
0%
Jęz. Indoirańskie Indoaryjska Centralna Khariboli
0%
Jęz. Indoirańskie Dardyjska Khowar
0%
Jęz. Słowiańskie Słowiańska Zachodnia Knaan Tak
0%
Jęz. Helleńskie Helleńska Koine
0%
Jęz. Indoirańskie Indoaryjska Południowa Konkani
0%
Jęz. Indoirańskie Pahari Zachodnie Kumauni
0%
Jęz. Celtyckie Brytańska Kumbryjski Tak
0%
Jęz. Irańskie Północno-Zachodnio Irańska Kurmandżi
0%
Jęz. Italskie Latynofaliska Łacina Klasyczna
0%
Jęz. Italskie Latynofaliska Łacina Kościelna Nie
0%
Jęz. Italskie Latynofaliska Łacina Ludowa
0%
Jęz. Romańskie Iberoromańska Ladino
0%
Jęz. Indoirańskie Indoaryjska Północno-Zachodnia Lahnda
0%
Jęz. Romańskie Iberoromańska Leoński
0%
Jęz. Celtyckie Celtycka Kontynentalna Lepotyński
0%
Jęz. Anatolijskie Anatolijska Licyjski
0%
Jęz. Anatolijskie Anatolijska Lidyjski
0%
Jęz. Germańskie Dolnofrankońska Wschodnia Limburgijski Nie
0%
Jęz. Romańskie Południoworomańska Logudorski
0%
Jęz. Irańskie Południowo-Zachodnio Irańska Luri Nie
0%
Jęz. Anatolijskie Anatolijska Luwijski
0%
Jęz. Indoirańskie Indoaryjska Magadhi
0%
Jęz. Indoirańskie Bihari Magahi
0%
Jęz. Indoirańskie Indoaryjska Maharasztri
0%
Jęz. Indoirańskie Bihari Maithili
0%
Jęz. Indoirańskie Syngalesko-Malediwska Malediwski Nie
0%
Jęz. Indoirańskie Pahari Zachodnie Mandeali
0%
Jęz. Indoirańskie Indoaryjska Południowa Marathi
0%
Jęz. Italskie Oskijsko-Umbryjska Marsyjski
0%
Jęz. Irańskie Kaspijska Mazanderański
0%
Jęz. Romańskie Wschodnioromańska Meglenorumuńki
0%
Jęz. Romańskie Iberoromańska Mozarabski
0%
Jęz. Helleńskie Helleńska Mykeński Tak
0%
Jęz. Indoirańskie Indoaryjska Niya
0%
Jęz. Germańskie Północna Germańska Norn Tak
0%
Jęz. Celtyckie Celtycka Kontynentalna Noryjski
0%
Jęz. Indoirańskie Indoaryjska Wschodnia Orija
0%
Jęz. Italskie Oskijsko-Umbryjska Oskijski Tak
0%
Jęz. Indoriańskie Indoaryjska Paisaci
0%
Jęz. Anatolijskie Anatolijska Palajski Tak
0%
Jęz. Indoirańskie Indoaryjska Pali
0%
Jęz. Indoirańskie Pahari Wschodnie Palpa
0%
Jęz. Irańskie Południowo-Wschodnio Irańska Pamirski
0%
Jęz. Irańskie Północno-Zachodnio Irańska Partyjski Tak
0%
Jęz. Indoirańskie Dardyjska Paszai
0%
Jęz. Romańskie Gallo-Italska Piemoncki
0%
Jęz. Celtyckie Brytańska Piktyjski
0%
Jęz. Anatolijskie Anatolijska Pizydyjski
0%
Jęz. Słowiańskie Lechicka Połabski
0%
Jęz. Helleńskie Dorycka Północno-Zachodnio Grecki
0%
Jęz. Germańskie Anglofryzyjska Północny Fryzyjski Nie
0%
Jęz. Irańskie Północno-Zachodnio Irańska Południowokurdyjski
0%
Jęz. Italskie Oskijsko-Umbryjska Południowy Piceński
0%
Jęz. Indoirańskie Indoaryjska Północno-Zachodnia Potwari
0%
Jęz. Indoirańskie Indoaryjska Zachodnia Radżastani
0%
Jęz. Indoirańskie Indoaryjska Centralna Rekhta Tak
0%
Jęz. Germańskie Środkowoniemiecka Ripuariański
0%
Jęz. Indoirańskie Indoaryjska Zachodnia Romski
0%
Jęz. Italskie Oskijsko-Umbryjska Sabiński
0%
Jęz. Irańskie Północno-Wschodnio Irańska Sakijski Tak
0%
Jęz. Irańskie Południowo-Wschodnio Irańska Sarikoli
0%
Jęz. Irańskie Północno-Wschodnio Irańska Sarmacki
0%
Jęz. Romańskie Południoworomańska Sassarski
0%
Jęz. Irańskie Północno-Wschodnio Irańska Scytyjski Tak
0%
Jęz. Bałtyckie Bałtycka Wschodnia Seloński Tak
0%
Jęz. Indoirańskie Indoaryjska Siauraseni
0%
Jęz. Indoirańskie Indoaryjska Północno-Zachodnia Sindhi
0%
Jęz. Irańskie Północno-Wschodnio Irańska Sogdyjski
0%
Jęz. Irańskie Północno-Zachodnio Irańska Sorani
0%
Jęz. Irańskie Południowo-Zachodnio Irańska Średnioperski Tak
0%
Jęz. Germańskie Anglofryzyjska Staroangielski
0%
Jęz. Germańskie Anglofryzyjska Starofryzyjski Tak
0%
Jęz. Germańskie Północna Germańska Starogutnijski Tak
0%
Jęz. Romańskie Iberoromańska Starohiszpański
0%
Jęz. Helleńskie Helleńska Staromacedoński
0%
Jęz. Germańskie Dolnofrankońska Zachodnia Staroniderlandzki Tak
0%
Jęz. Germańskie Północna Germańska Staronordyjski Tak
0%
Jęz. Słowiańskie Słowiańska Wschodnia Staronowogrodzki Tak
0%
Jęz. Irańskie Południowo-Zachodnio Irańska Staroperski Tak
0%
Jęz. Słowiańskie Słowiańska Wschodnia Staroruski
0%
Jęz. Germańskie Zachodnia Germańska Starosaksoński
0%
Jęz. Germańskie Dolnofrankońska Wschodnia Staro-Wschodnio-Dolno Frankoński Tak
0%
Jęz. Germańskie Północna Germańska Staro-Wschodnio Nordyjski
0%
Jęz. Germańskie Zachodnia Germańska Staro-Wysoko Niemiecki Tak
0%
Jęz. Germańskie Północna Germańska Staro-Zachodnio Nordyjski
0%
Jęz. Słowiańskie Słowiańska Zachodnia Staro-Zachodnio Słowiański Tak
0%
Jęz. Indoirańskie Syngalesko-Malediwska Syngaleski
0%
Jęz. Irańskie Kaspijska Szahmirzadi Tak
0%
Jęz. Indoirańskie Dardyjska Szina
0%
Jęz. Irańskie Południowo-Wschodnio Irańska Szugnański
0%
Jęz. Germańskie Górnoniemiecka Szwajcarski Niemiecki
0%
Jęz. Irańskie Południowo-Zachodnio Irańska Tacki
0%
Jęz. Irańskie Kaspijska Tałyski Nie
0%
Jęz. Helleńskie Eolska Tesalski
0%
Jęz. Tocharskie Tocharska Tocharski A Tak
0%
Jęz. Tocharskie Tocharska Tocharski B
0%
Jęz. Albańskie Albańska Toskijski
0%
Jęz. Indoirańskie Nuristańska Tregamu
0%
Jęz. Germańskie Środkowoniemiecka Turyngijski
0%
Jęz. Irańskie Południowo-Wschodnio Irańska Vanji Tak
0%
Jęz. Indoirańskie Nuristańska Wasi-Weri
0%
Jęz. Irańskie Południowo-Wschodnio Irańska Waziri
0%
Jęz. Indoirańskie Syngalesko-Malediwska Weddyjski
0%
Jęz. Indoirańskie Indoaryjska Wedyjski
0%
Jęz. Italskie Oskijsko-Umbryjska Wolski
0%
Jęz. Germańskie Anglofryzyjska Wschodni Fryzyjski
0%
Jęz. Irańskie Południowo-Wschodnio Irańska Yigdański Nie
0%
Jęz. Germańskie Anglofryzyjska Yola Tak
0%
Jęz. Germańskie Anglofryzyjska Zachodni Fryzyjski
0%
Jęz. Ormiański Ormiańska Zachodnioormiański
0%
Jęz. Irańskie Północno-Zachodnio Irańska Zaza-Gorani
0%
Jęz. Bałtyckie Bałtycka Wschodnia Zemgalski
0%
Nie znaleziono quizów pasujących do podanych kryteriów
Rozkład punktacji
Procent ludzi z każdym wynikiem
Percentyl według liczby udzielonych odpowiedzi
Twoja historia wyników
Nie rozwiązałeś tego quizu od ostatniego zresetowania